Like it was : the diaries of Malcolm Muggeridge /

Bibliographic Details
Main Author: Muggeridge, Malcolm, 1903-1990
Other Authors: Bright-Holmes, John
Format: Book
Language:English
Published: New York : Morrow, 1982.
Edition:1st U.S. ed.
Subjects:

MARC

Tag First Indicator Second Indicator Subfields
LEADER 00000pam a2200000 a 4500
001 in00000086052
005 20151008064430.0
008 810918r1982 nyu 00110aeng
010 |a  81016784  
020 |a 0688007848 
035 |a (OCoLC)07837846 
035 |9 AAK4162AM 
039 0 |a 2  |b 3  |c 3  |d 3  |e 3 
040 |a DLC  |c DLC  |d TXA  |d UtOrBLW 
049 |a TXAM  |c [1672961] 
050 0 0 |a PR6025.U5  |b Z469 1982 
082 0 |a 828/.91203  |a B  |2 19 
100 1 |a Muggeridge, Malcolm,  |d 1903-1990. 
245 1 0 |a Like it was :  |b the diaries of Malcolm Muggeridge /  |c selected and edited by John Bright-Holmes. 
250 |a 1st U.S. ed. 
264 1 |a New York :  |b Morrow,  |c 1982. 
300 |a 560 pages ;  |c 25 cm. 
336 |a text  |b txt  |2 rdacontent 
337 |a unmediated  |b n  |2 rdamedia 
338 |a volume  |b nc  |2 rdacarrier 
500 |a Includes index. 
600 1 0 |a Muggeridge, Malcolm,  |d 1903-1990  |x Diaries. 
650 0 |a Authors, English  |y 20th century  |v Biography. 
700 1 |a Bright-Holmes, John. 
999 |a MARS 
999 f f |s a1d7486f-4e85-3a3a-871c-b582668568bd  |i 447ddb92-7ce3-3e03-918a-c3a00c406822  |t 0 
952 f f |p ric  |a Texas A&M University  |b Rellis Campus  |c Joint Library Facility  |d Remote Storage  |t 0  |e PR6025.U5 Z469 1982  |h Library of Congress classification  |i unmediated -- volume  |m A14806186958 
998 f f |a PR6025.U5 Z469 1982  |t 0  |l Remote Storage